Click Every U.S. State by Code - Statistics

General Stats
  • This quiz has been taken 124 times
  • The average score is 40 of 50
Answers on the Map
Answers color-coded by a green-red scale on the quiz's map according to % correct below.
 
Answer Stats
Answer % Correct
AZ
85%
CA
85%
ME
85%
ND
85%
NY
85%
SC
85%
FL
84%
NV
84%
OK
84%
VT
84%
HI
82%
ID
82%
KS
82%
SD
82%
TN
82%
VA
82%
WA
82%
DE
81%
GA
81%
IN
81%
LA
81%
MD
81%
NH
81%
NM
81%
OR
81%
PA
81%
TX
81%
AL
79%
KY
79%
NC
79%
UT
79%
CO
78%
CT
78%
IL
78%
NJ
78%
OH
78%
MT
77%
NE
77%
RI
77%
WY
77%
IA
75%
MN
75%
WV
75%
MA
74%
MI
74%
WI
71%
AR
70%
MO
68%
MS
68%
AK
60%
No matching quizzes found
Score Distribution
Percent of People with Each Score
Percentile by Number Answered
Your Score History
You have not taken this quiz